000 00520nam a2200193Ia 4500
005 20250522104523.0
008 008 250516s9999 xx 000 0 eng d
020 _a9781639872046
040 _aSDCL
_beng
_cSDCL
041 _aeng
_2eng
084 _aX65:8, R1
_qSDCL
100 _aScott, Daisy
_9724789
245 0 _aEssentials of finance
260 _aNew York:
_bMurphy & Moore Publishing,
_c2021.
300 _avi,234p.
365 _aUSD
_b154
650 _aBusiness Economics and Finance
942 _cTEXL
999 _c1430627
_d1430627